000 01389cam a2200277 i 4500
001 18238784
003 PILC
005 20150803135137.0
008 140723s2015 iluab e 001 0 eng
010 _a 2014028674
020 _a9780716601159
040 _aDLC
_beng
_erda
_cDLC
_dDLC
042 _apcc
050 0 0 _aAE 5
_b.W55 2015
082 0 0 _a031
245 0 4 _aThe World Book encyclopedia.
300 _a22 volumes :
_bcolor illustrations, color maps ;
_c26 cm.
500 _aIncludes index.
505 0 _av. 1. A -- v. 2. B -- v. 3. C-Ch -- v. 4. Ci-Cz -- v. 5. D -- v. 6. E -- v. 7. F -- v. 8. G -- v. 9. H -- v. 10. I -- v. 11. J, K -- v. 12. L -- v. 13. M -- v. 14. N, O -- v. 15. P -- v. 16. Q, R -- v. 17. S-Sn -- v. 18. So-Sz -- v. 19. T -- v. 20. U, V -- v. 21. W, X, Y, Z -- v. 22. Research Guide, Index.
520 2 _a"A 22-volume, highly illustrated, A-Z general encyclopedia for all ages, featuring sections on how to use World Book, other research aids, pronunciation key, a student guide to better writing, speaking, and research skills, and comprehensive index"--
650 0 _aEncyclopedias and dictionaries.
710 2 _aWorld Book, Inc.
906 _a7
_bcbc
_corignew
_d1
_eecip
_f20
_gy-gencatlg
942 _2lcc
_cBK
_kFOR
999 _c288293
_d288293